[Event "Sachsen-ch U14 Girls"]
[Site "Sebnitz"]
[Date "2012.04.13"]
[Round "6"]
[White "Zimmermann, Lena"]
[Black "Boehle, Annika"]
[Result "0-1"]
[WhiteElo "732"]
[BlackElo "1213"]
[PlyCount "52"]
[EventDate "2012.04.10"]
[EventType "swiss"]
[EventRounds "7"]
[EventCountry "GER"]
[SourceTitle "CBM 148 Extra"]
[Source "ChessBase"]
[SourceDate "2012.06.22"]
[SourceVersion "1"]
[SourceVersionDate "2012.06.22"]
[SourceQuality "1"]

1. e4 e5 2. Bc4 Nc6 3. Nf3 Bc5 4. d3 d6 5. 0-0 Bg4 6. Be3 Bb6 7. c3 Nf6 8. Nbd2 0-0 9. Qb3 Na5 10. Qc2 Nxc4 11. Nxc4 Bxf3 12. gxf3 Re8 13. Bg5 Qe7 14. Na3 Qe6 15. Nb5 a6 16. Na3 Nh5 17. Qd2 Qg6 18. d4 h6 19. Kh1 hxg5 20. Rg1 f6 21. dxe5 Rxe5 22. f4 Qxe4+ 23. Rg2 Nxf4 24. Qxf4 gxf4 25. Rag1 Rg5 26. c4 Bxf2 0-1